La maravillosa vida de los animales (Record no. 65141)

MARC details
000 -LEADER
campo de control de longitud fija 00756nam a2200217 i 4500
001 - NÚMERO DE CONTROL
campo de control 65141
003 - IDENTIFICADOR DE NÚMERO DE CONTROL
campo de control ES-MaACL
005 - FECHA Y HORA DE LA ÚLTIMA TRANSACCIÓN
campo de control 20230906165315.0
007 - CAMPO FIJO DE DESCRIPCIÓN FÍSICA--INFORMACIÓN GENERAL
campo de control de longitud fija t|
008 - DATOS DE LONGITUD FIJA--INFORMACIÓN GENERAL
campo de control de longitud fija 040109q1942 sp ||||1| spa d
100 1# - ENTRADA PRINCIPAL--NOMBRE DE PERSONA
Nombre de persona Francé, Raoul Heinrich.
9 (RLIN) 52136
245 13 - MENCIÓN DEL TÍTULO
Título La maravillosa vida de los animales
Resto del título : una zoología para todos /
Mención de responsabilidad, etc. R.H. Francé ; versión española por Julio Gadea.
260 ## - PUBLICACIÓN, DISTRIBUCIÓN, ETC.
Lugar de publicación, distribución, etc. Barcelona :
Nombre del editor, distribuidor, etc. Labor,
Fecha de publicación, distribución, etc. [1942?] (
Fabricante Talls. Gráfs. Ibero-Américanos)
300 ## - DESCRIPCIÓN FÍSICA
Extensión VII, 409 p., 32 lám. :
Otras características físicas il. ;
Dimensiones 23 cm.
490 1# - MENCIÓN DE SERIE
Mención de serie Colección libros de hoy
700 1# - ENTRADA AGREGADA--NOMBRE PERSONAL
Nombre de persona Gadea, Julio.
9 (RLIN) 53189
830 0# - PUNTO DE ACCESO ADICIONAL DE SERIE-TÍTULO UNIFORME
Título uniforme Colección libros de hoy
9 (RLIN) 182911
852 ## - LOCALIZACIÓN
Ubicación ES-MaACL
Número de control de estantería F-16059
Sublocalización o colección R.20827
852 ## - LOCALIZACIÓN
Ubicación ES-MaACL
Número de control de estantería F-16062
Sublocalización o colección R.20824
Holdings
Estatus retirado Estado de pérdida Estado de daño No para préstamo Biblioteca de origen Biblioteca actual Ubicación en estantería Fecha de adquisición Fuente de adquisición Total de préstamos Signatura topográfica completa Código de barras Visto por última vez Precio de reemplazo Tipo de ítem Koha
        Biblioteca del Ateneo de Madrid Biblioteca del Ateneo de Madrid Sala Pecera Planta 2 17/01/2008     F-16062 1068251 23/02/2023 23/02/2023 Libro impreso
        Biblioteca del Ateneo de Madrid Biblioteca del Ateneo de Madrid Sala Pecera Planta 2 17/01/2008     F-16059 1068250 23/02/2023 23/02/2023 Libro impreso